| 000 | 00363nam a2200145 4500 | ||
|---|---|---|---|
| 999 |
_c1091 _d1091 |
||
| 008 | 200109b ||||| |||| 00| 0 eng d | ||
| 082 | 0 | 0 |
_a623.880941 _bH6779 |
| 110 |
_aH. M.S.O _9233 |
||
| 245 | 1 | 0 |
_aAdmiralty Manual of Seamanship _cby HMSO |
| 260 |
_aLondon _bHMSO _c1967 |
||
| 300 | _aviii. 641 p. | ||
| 490 | 0 | _vVol 2 | |
| 650 | 0 | _aSeamanship | |
| 942 |
_2ddc _cBK |
||